Cạn chén tình

שמור ב:
מידע ביבליוגרפי
מחבר ראשי: Mường Mán
פורמט: ספר
שפה:Undetermined
יצא לאור: Tp.HCM Trẻ 2003
נושאים:
תגים: הוספת תג
אין תגיות, היה/י הראשונ/ה לתייג את הרשומה!
Thư viện lưu trữ: Trung tâm Học liệu Trường Đại học Cần Thơ
LEADER 00538nam a2200205Ia 4500
001 CTU_58343
008 210402s9999 xx 000 0 und d
020 |b 65000 
082 |a 895.922301 
082 |b M561 
100 |a Mường Mán 
245 0 |a Cạn chén tình 
245 0 |c Mường Mán 
260 |a Tp.HCM 
260 |b Trẻ 
260 |c 2003 
650 |a vietnamese literature,short stories, vietnamese 
650 |x 20th century 
904 |i Minh 
980 |a Trung tâm Học liệu Trường Đại học Cần Thơ